Alphabet Breadcrumb Trail #5 - Statistics

General Stats
  • This quiz has been taken 5,287 times
    3,941 since last reset
  • The average score is 16 of 26
Answer Stats
Hint Answer % Correct
J Q's poker neighbour Jack
84%
H Chocolate Co. (not W's) Hershey's
83%
Q E II (from 1952-2022) Queen
82%
S Keyboard bar Space
82%
Y Talks like this, he does Yoda
82%
F The _____ was with Y Force
77%
K Small H treat Kiss
76%
M Eucharistic ceremony Mass
76%
G K's singer Simmons Gene
70%
C One of two black Js Club
66%
X Three Ks XXX
66%
B Blank
65%
A This x M = F Acceleration
64%
T BS singer's first name Taylor
57%
E Actress T Elizabeth
56%
O With S, where Y lives? Outer
53%
W Actor G's 1971 role Wonka
51%
D With R, W's creator Dahl
47%
I O's opposite Inner
47%
V M.'s northern neighbor Vermont
47%
R With D, W's creator Roald
46%
N R D's father's country Norway
45%
Z All of V's start with 05 Zip Codes
39%
L What F = M x A is Law
34%
P One of J. Nicklaus' Cs Putter
32%
U 5/6ths of P Utter
25%
No matching quizzes found
Score Distribution
Percent of People with Each Score
Percentile by Number Answered
Your Score History
You have not taken this quiz since the last reset